Artigas, san martin y los proyectos monarquicos en el rio de la plata y chile (1818-1820) /
Guardado en:
| Autor Principal: | |
|---|---|
| Formato: | Libro |
| Publicado: |
Buenos Aires :
Mision,
1979
|
| Materias: | |
| Etiquetas: |
Agregar Etiqueta
Sin Etiquetas, Sea el primero en etiquetar este registro!
|
| LEADER | 00540nam a22001575a 4500 | ||
|---|---|---|---|
| 001 | EHU.bham014530 | ||
| 003 | AR-BHAM | ||
| 005 | 20070905150806.0 | ||
| 008 | 130507s1979##################000#0#####d | ||
| 082 | 9 | 8 | |a 982.03 |
| 100 | 1 | |a Perez, Joaquin | |
| 245 | 1 | 0 | |a Artigas, san martin y los proyectos monarquicos en el rio de la plata y chile (1818-1820) / |c Joaquin Perez |
| 260 | |a Buenos Aires : |b Mision, |c 1979 | ||
| 300 | |a 280 p. | ||
| 653 | |a Historia de argentina-1810-1829 [indepen | ||
| 859 | |a AR-BHAM |b BIB. HUMANIDADES - General |h 982.03 |i P415-1 |p 335.83 |t Ej.1 | ||
